000
00222 a2200097 4500
001
51510
100
_a
Erikson, W J
245
_a
Computer Models for Managemenet Sc.
260
_a
London
_b
Wesley
_c
090
_c
32628
_d
32628
942
_a
NUST-CAE
_c
M
_c
25145
999
_c
286583
_d
286583